| 000 | 00436pab a2200157 454500 | ||
|---|---|---|---|
| 008 | 180718b2009 xxu||||| |||| 00| 0 eng d | ||
| 100 | _aRieu, Dong-Min | ||
| 245 | _aInterpretations of Marxian value theory in terms of the fundamental Marxian theorem | ||
| 260 | _c2009 | ||
| 300 | _ap.216-26. | ||
| 362 | _aSpring | ||
| 650 | _aMarxian economics | ||
| 773 | _aReview of Radical Political Economics | ||
| 908 | _aN | ||
| 909 | _a83374 | ||
| 999 |
_c83374 _d83374 |
||